[Event "IECC M email"]
[Site "IECC email"]
[Date "2001.03.27"]
[Round "?"]
[White "Athens, Jim"]
[Black "Parab, Mahesh"]
[Result "1-0"]
[WhiteElo "1589"]
[BlackElo "1563"]
[PlyCount "115"]
[EventDate "2001.??.??"]
[EventType "tourn (corr)"]
[EventRounds "6"]
[SourceTitle "Corr 2008"]
[Source "ChessBase"]
[SourceDate "2008.06.24"]
[SourceVersion "1"]
[SourceVersionDate "2008.06.24"]
[SourceQuality "1"]

1. Nc3 c5 2. e4 Nc6 3. Nf3 d6 4. Bb5 Bd7 5. d4 cxd4 6. Nxd4 Nxd4 7. Qxd4 Bxb5 8. Nxb5 Qa5+ 9. Nc3 Nf6 10. 0-0 e5 11. Qd3 Be7 12. Bg5 0-0 13. b4 Qb6 14. Bxf6 Bxf6 15. Nd5 Qd8 16. Qb5 Rb8 17. a4 Bg5 18. Ra3 a6 19. Qe2 a5 20. b5 Rc8 21. c4 b6 22. Rf3 f6 23. Rd1 Rc5 24. Qd3 Bh6 25. Qc2 g6 26. Rh3 Bg7 27. Rdd3 Rf7 28. Rc3 Rd7 29. Qe2 Rf7 30. Qg4 f5 31. exf5 Rxf5 32. Rcg3 Rf7 33. Rh4 h6 34. Rhh3 g5 35. Rd3 Kh8 36. Ne3 Rf4 37. Qd1 Rf6 38. Nd5 Rg6 39. Qg4 Qb8 40. Ne7 Rf6 41. Qxg5 Rxc4 42. Nd5 Rg6 43. Qh5 Rxa4 44. Rd1 Rag4 45. Rg3 Rxg3 46. hxg3 Rg5 47. Qf7 a4 48. Ne7 Kh7 49. Rxd6 Qf8 50. Qe6 a3 51. Rxb6 Qd8 52. g4 Bf8 53. Qf7+ Bg7 54. Ra6 a2 55. b6 h5 56. b7 e4 57. Ra8 a1Q+ 58. Rxa1 1-0

[Event "IECC M email"]
[Site "IECC email"]
[Date "2001.03.27"]
[Round "?"]
[White "Parab, Mahesh"]
[Black "Athens, Jim"]
[Result "1/2-1/2"]
[WhiteElo "1562"]
[BlackElo "1584"]
[PlyCount "106"]
[EventDate "2001.??.??"]
[EventType "tourn (corr)"]
[EventRounds "6"]
[SourceTitle "Corr 2008"]
[Source "ChessBase"]
[SourceDate "2008.06.24"]
[SourceVersion "1"]
[SourceVersionDate "2008.06.24"]
[SourceQuality "1"]

1. c4 e5 2. Nc3 Nf6 3. Nf3 Nc6 4. e3 d5 5. cxd5 Nxd5 6. Bb5 Nxc3 7. bxc3 Bd6 8. Bxc6+ bxc6 9. Rb1 0-0 10. Qa4 c5 11. d3 Bf5 12. e4 Bg4 13. Nd2 Bd7 14. Qc2 Be6 15. 0-0 Rb8 16. Rxb8 Qxb8 17. Bb2 Qb6 18. c4 Qa6 19. Nf3 f6 20. a3 Bd7 21. Rb1 Rb8 22. h3 Rb6 23. Nd2 Qb7 24. Nf1 Qb8 25. Ne3 Be6 26. a4 Rb4 27. Kh1 Qe8 28. Ra1 Qh5 29. Ra2 c6 30. Ba3 Rb8 31. a5 f5 32. exf5 Bxf5 33. Nxf5 Qxf5 34. a6 Qf4 35. Bc1 Qf8 36. Ra1 Qf6 37. Bb2 Qf4 38. Kg1 e4 39. g3 Qg5 40. Bc1 Qf5 41. dxe4 Qxh3 42. Qd3 Bc7 43. Ba3 Be5 44. Re1 Bd4 45. Bc1 Bxf2+ 46. Kxf2 Qh2+ 47. Kf3 Rf8+ 48. Bf4 g5 49. Qd6 Qh3 50. Ke2 gxf4 51. gxf4 Qg2+ 52. Ke3 Qg3+ 53. Ke2 Qg2+ 1/2-1/2

[Event "IECC M email"]
[Site "IECC email"]
[Date "2000.07.24"]
[Round "?"]
[White "Parab, Mahesh"]
[Black "Athens, Jim"]
[Result "1/2-1/2"]
[WhiteElo "1558"]
[BlackElo "1664"]
[PlyCount "90"]
[EventDate "2000.??.??"]
[EventType "tourn (corr)"]
[EventRounds "2"]
[SourceTitle "Corr 2008"]
[Source "ChessBase"]
[SourceDate "2008.06.24"]
[SourceVersion "1"]
[SourceVersionDate "2008.06.24"]
[SourceQuality "1"]

1. d4 Nf6 2. c4 d5 3. Nc3 c6 4. Bg5 Ne4 5. Nxe4 dxe4 6. Qd2 Bf5 7. e3 Nd7 8. 0-0-0 f6 9. Bh4 e6 10. Ne2 a5 11. c5 b6 12. cxb6 Bb4 13. Qc2 Qxb6 14. Kb1 0-0 15. Ng3 Bg6 16. Bc4 Rfe8 17. Nxe4 c5 18. d5 Ne5 19. Ka1 Rab8 20. Bg3 Bxe4 21. Qxe4 Bc3 22. Bb3 c4 23. Bxe5 Bxe5 24. Qxc4 Rec8 25. Qa4 Qc5 26. dxe6 Bxb2+ 27. Kb1 Ba3 28. e7+ Kh8 29. e8Q+ Rxe8 30. Rd5 Qxd5 31. Qxe8+ Rxe8 32. Bxd5 Rb8+ 33. Ka1 Bb2+ 34. Kb1 Ba3+ 35. Kc2 Rb2+ 36. Kd3 Rxf2 37. Rb1 g6 38. h3 Bb4 39. Rd1 Kg7 40. a4 Kf8 41. Kd4 Ke7 42. Rd3 Rc2 43. Rd1 Kd6 44. Bg8 Rxg2 45. Bxh7 Ke7 1/2-1/2